00938nam a2200229 i 450000100060000000300090000600500170001500700030003200800410003511100480007624501730012426000480029730000220034549000220036765000510038970000280044070000390046883000300050785200320053799900170056995201220058652770ES-MaACL20230906162637.0t|030904s1965 sp ||||1| spa d0 aConcilio Vaticano (n2º. d1962-1965)912210aDecreto de ecumenismo del Concilio Vaticano II b: texto y comentario teológico y pastoral / cpor Miguel Nicolau ; con la colaboración de José Sánchez Vaquero. aMadrid : bApostolado de la Prensa, c1965. a190 p. ; c18 cm.1 aVaticano II ; v4 4aUnidad cristiana-xIglesia Católica.91567851 aNicolau, Miguel.9855821 aSánchez Vaquero, José.91029700 aVaticano II ; v49192023 aES-MaACLjC-27744 bR.57029 c52770d52770 00104070aATENEOMbATENEOMcDEPO2d2008-01-17eSCl0oC-27744p1055461r2023-02-23 00:00:00w2023-02-23yMONOGRAFIA